[Event "Mercredi 2025.05.07 ABCD"]
[Site "Montreal CAN"]
[Date "2025.05.07"]
[Round "1"]
[White "Di Matteo, Alessio"]
[Black "Hartner, Rian"]
[Result "1-0"]
[WhiteElo "1880"]
[BlackElo "1893"]
[WhiteFideId "-1"]
[WhiteFideId "-1"]
[PlyCount "63"]
[GameId "2185064695933845"]
[EventDate "2025.05.07"]
[EventType "tourn"]
[EventRounds "5"]
[EventCountry "CAN"]

1. d4 Nf6 2. c4 c5 3. d5 b5 4. cxb5 a6 5. e3 g6 6. Nc3 Bg7 7. a4 d6 8. e4 axb5 9. Bxb5+ Nfd7 10. Nf3 Ba6 11. Bg5 Qb6 12. O-O h6 13. Bh4 Bxb5 14. axb5 Rxa1 15. Qxa1 g5 16. Bg3 O-O 17. Qa4 Rc8 18. h4 g4 19. Nd2 h5 20. Nc4 Qc7 21. Qd1 Nb6 22. Ne3 N8d7 23. Nf5 Ne5 24. Qd2 f6 25. Bxe5 dxe5 26. d6 exd6 27. Nd5 Nxd5 28. Qxd5+ Kh7 29. Qe6 Rb8 30. Ne7 Kh8 31. Qf7 Bh6 32. Ng6# 1-0

[Event "Mercredi 2025.05.07 ABCD"]
[Site "Montreal CAN"]
[Date "2025.05.07"]
[Round "1"]
[White "Guillemette, Hugo"]
[Black "Jacquet, Stephane"]
[Result "1-0"]
[WhiteElo "2262"]
[BlackElo "2071"]
[WhiteFideId "-1"]
[WhiteFideId "-1"]
[PlyCount "75"]
[GameId "2185064695868286"]
[EventDate "2025.05.07"]
[EventType "tourn"]
[EventRounds "5"]
[EventCountry "CAN"]

1. d4 Nf6 2. c4 g6 3. g3 Bg7 4. Bg2 O-O 5. Nc3 d6 6. Nf3 Nc6 7. O-O e5 8. d5 Nb8 9. b3 a5 10. Bb2 Na6 11. a3 Bd7 12. Nd2 Qe8 13. Qc2 Bh6 14. e3 Bf5 15. Nde4 Nxe4 16. Nxe4 Qe7 17. Qe2 b6 18. Bc3 Nc5 19. Nxc5 bxc5 20. b4 cxb4 21. axb4 axb4 22. Bxb4 Rab8 23. Qd2 Rb7 24. Rfc1 Rfb8 25. Bc3 Rb3 26. Ra7 Qd7 27. c5 dxc5 28. Bxe5 Rd3 29. Qe2 Qb5 30. g4 Rc3 31. Qxb5 Rxc1+ 32. Qf1 Rxf1+ 33. Bxf1 Bxg4 34. Rxc7 Rb1 35. Kg2 Bf8 36. Bc4 Rc1 37. Bb5 Rd1 38. Be8 1-0

[Event "Mercredi 2025.05.07 ABCD"]
[Site "Montreal CAN"]
[Date "2025.05.07"]
[Round "1"]
[White "Nassif, Aba"]
[Black "Lima-Barbosa, Raphael"]
[Result "0-1"]
[WhiteElo "2049"]
[BlackElo "1985"]
[WhiteFideId "-1"]
[WhiteFideId "-1"]
[PlyCount "64"]
[GameId "2185064695933834"]
[EventDate "2025.05.07"]
[EventType "tourn"]
[EventRounds "5"]
[EventCountry "CAN"]

1. d4 Nf6 2. Nc3 d5 3. Bf4 c5 4. e4 Nxe4 5. Nxe4 dxe4 6. dxc5 Qxd1+ 7. Rxd1 Nc6 8. Bb5 f6 9. Bc7 Bd7 10. Ne2 Rc8 11. Bg3 e5 12. b4 Bg4 13. Rd2 Kf7 14. Bxc6 Rxc6 15. Nc3 b6 16. Nxe4 bxc5 17. b5 Rb6 18. a4 c4 19. f3 Bf5 20. Bf2 Bxe4 21. Rd7+ Ke6 22. Rxa7 Bb4+ 23. Ke2 Rd6 24. fxe4 Rd2+ 25. Ke3 Rhd8 26. Ra6+ Kf7 27. Kf3 Rxc2 28. g3 Rd3+ 29. Kg2 Bc5 30. Rb1 Rxf2+ 31. Kh3 Rdd2 32. Rh1 g5 0-1

[Event "Mercredi 2025.05.07 ABCD"]
[Site "Montreal CAN"]
[Date "2025.05.07"]
[Round "1"]
[White "Templonueva, Mark Geryl"]
[Black "Barko, Maxim"]
[Result "0-1"]
[WhiteElo "1876"]
[BlackElo "1929"]
[WhiteFideId "-1"]
[WhiteFideId "-1"]
[PlyCount "80"]
[GameId "2185064695933844"]
[EventDate "2025.05.07"]
[EventType "tourn"]
[EventRounds "5"]
[EventCountry "CAN"]

1. d4 Nf6 2. Nf3 d5 3. e3 c5 4. Be2 Nc6 5. O-O Bf5 6. b3 e6 7. Bb2 Rc8 8. c4 cxd4 9. Nxd4 Nxd4 10. Bxd4 a6 11. Nd2 Bd6 12. b4 O-O 13. c5 e5 14. Bb2 Bb8 15. h3 Re8 16. Rc1 Qc7 17. f4 d4 18. exd4 exf4 19. Bf3 Rcd8 20. Qa4 Bd3 21. Rfe1 Re3 22. Qa5 Qe7 23. Red1 Bc7 24. Qa4 Be2 25. Bxb7 Bxd1 26. Qxd1 Nd5 27. a3 Qf6 28. Nf3 h6 29. Qf1 Qe6 30. Bxa6 Qf6 31. b5 Rb3 32. Qf2 Ne3 33. b6 Bxb6 34. Bc4 Nxc4 35. Rxc4 Ba5 36. Bc1 Qe6 37. Qc2 Rxf3 38. gxf3 Qe1+ 39. Kg2 Qg3+ 40. Kh1 Re8 0-1

[Event "Mercredi 2025.05.07 ABCD"]
[Site "Montreal CAN"]
[Date "2025.05.14"]
[Round "2"]
[White "Allaire, Denis"]
[Black "Qi, Jason"]
[Result "0-1"]
[WhiteElo "1815"]
[BlackElo "1698"]
[WhiteFideId "-1"]
[WhiteFideId "-1"]
[PlyCount "80"]
[GameId "2185064695933860"]
[EventDate "2025.05.07"]
[EventType "tourn"]
[EventRounds "5"]
[EventCountry "CAN"]

1. e4 c5 2. d4 cxd4 3. Qxd4 Nc6 4. Qd3 Nf6 5. Nc3 e6 6. Bf4 Qa5 7. O-O-O Bb4 8. Bd6 Bxd6 9. Qxd6 Qe5 10. Nb5 Qxd6 11. Nxd6+ Ke7 12. Be2 Ne8 13. Nc4 b5 14. Ne3 a6 15. f4 Bb7 16. Nf3 Nf6 17. e5 Ne4 18. Rhf1 Rac8 19. Bd3 Nb4 20. a3 Nxd3+ 21. Rxd3 Rc7 22. f5 Rhc8 23. g4 h6 24. Nd4 Rc5 25. fxe6 dxe6 26. Nef5+ exf5 27. Nxf5+ Kf8 28. e6 Rxc2+ 29. Kd1 Nf2+ 30. Rxf2 Rxf2 31. e7+ Ke8 32. Nd6+ Kxe7 33. Nxb7 Rc7 34. Re3+ Kd7 35. Rd3+ Ke7 36. Re3+ Kf6 37. Nd6 Rd7 38. Ke1 Rxb2 39. Rf3+ Kg6 40. Nf5 Rc7 0-1

[Event "Mercredi 2025.05.07 ABCD"]
[Site "Montreal CAN"]
[Date "2025.05.14"]
[Round "2"]
[White "Batorshyn, Ilia"]
[Black "Guillemette, Hugo"]
[Result "0-1"]
[WhiteElo "2332"]
[BlackElo "2262"]
[WhiteFideId "-1"]
[WhiteFideId "-1"]
[PlyCount "46"]
[GameId "2185064695868290"]
[EventDate "2025.05.07"]
[EventType "tourn"]
[EventRounds "5"]
[EventCountry "CAN"]

1. e4 c5 2. Nc3 e6 3. d4 cxd4 4. Qxd4 Nc6 5. Qd3 Nf6 6. Bf4 Bc5 7. O-O-O O-O 8. e5 Ng4 9. Ne4 Nxf2 10. Nxf2 Bxf2 11. Nf3 Nb4 12. Qe4 Nd5 13. Bd3 g6 14. Bh6 Re8 15. Bc4 Qb6 16. Bxd5 exd5 17. Qf4 d6 18. Ng5 Be3+ 19. Qxe3 Qxe3+ 20. Kb1 Qxe5 21. Rhf1 Bf5 22. g4 Bxc2+ 23. Kxc2 Qxh2+ 0-1

[Event "Mercredi 2025.05.07 ABCD"]
[Site "Montreal CAN"]
[Date "2025.05.14"]
[Round "2"]
[White "Cote, Etienne"]
[Black "Beaulieu, Pierre"]
[Result "1-0"]
[WhiteElo "1700"]
[BlackElo "1699"]
[WhiteFideId "-1"]
[WhiteFideId "-1"]
[PlyCount "73"]
[GameId "2185064695933861"]
[EventDate "2025.05.07"]
[EventType "tourn"]
[EventRounds "5"]
[EventCountry "CAN"]

1. e4 g6 2. d4 Bg7 3. Nc3 c5 4. Nf3 cxd4 5. Nxd4 Nc6 6. Be3 d6 7. Qd2 Nf6 8. f3 a6 9. O-O-O Nxd4 10. Bxd4 Be6 11. Kb1 O-O 12. h4 h5 13. g4 hxg4 14. h5 gxh5 15. Be2 Rc8 16. Rdg1 Qa5 17. a3 Rc5 18. b4 Qxa3 19. bxc5 dxc5 20. Be5 Nxe4 21. Nxe4 Bxe5 22. c3 f5 23. Rxh5 Qb3+ 24. Qb2 Qd5 25. Ng5 Kg7 26. fxg4 f4 27. Nxe6+ Qxe6 28. Bd3 Rd8 29. Bc2 f3 30. Rg5+ Kf8 31. Rf5+ Kg7 32. Rxf3 c4 33. Rd1 Qxg4 34. Rff1 Qg2 35. Qb6 Bxc3 36. Rg1 Rxd1+ 37. Bxd1 1-0

[Event "Mercredi 2025.05.07 ABCD"]
[Site "Montreal CAN"]
[Date "2025.05.14"]
[Round "2"]
[White "Di Matteo, Alessio"]
[Black "Boudreau, Daniel"]
[Result "1-0"]
[WhiteElo "1880"]
[BlackElo "1890"]
[WhiteFideId "-1"]
[WhiteFideId "-1"]
[PlyCount "115"]
[GameId "2185064695933848"]
[EventDate "2025.05.07"]
[EventType "tourn"]
[EventRounds "5"]
[EventCountry "CAN"]

1. d4 Nf6 2. c4 e6 3. Nc3 d5 4. cxd5 exd5 5. Bg5 c6 6. e3 h6 7. Bh4 Be7 8. Bd3 O-O 9. Nge2 Re8 10. O-O Ne4 11. Bxe7 Qxe7 12. Nxe4 dxe4 13. Bc4 Bg4 14. Qc2 Nd7 15. h3 Bf5 16. d5 cxd5 17. Bxd5 Nb6 18. Nd4 Bxh3 19. Bxe4 Rac8 20. Qd3 Qxe4 21. Qxe4 Rxe4 22. gxh3 Re5 23. Rfc1 Rec5 24. Rxc5 Rxc5 25. Kf1 Kf8 26. Ke2 Ke7 27. a4 a6 28. Ra3 Nc8 29. Rc3 Rxc3 30. bxc3 g6 31. Kd3 Kd6 32. f4 Nb6 33. a5 Na4 34. Nf3 Nc5+ 35. Kc4 f6 36. Nh4 Ne4 37. Nxg6 Nd2+ 38. Kb4 Kd5 39. Ne7+ Ke6 40. Nc8 Nf1 41. Kc5 Nxe3 42. c4 Kd7 43. Nb6+ Kd8 44. Nd5 Ng2 45. Kd6 Nh4 46. Nxf6 Nf5+ 47. Kd5 Ne3+ 48. Kd4 Kc7 49. Ne4 b6 50. axb6+ Kxb6 51. c5+ Kc7 52. Ke5 Kd7 53. f5 Nxf5 54. Kxf5 a5 55. Ke5 Kc6 56. Kd4 h5 57. Kc4 h4 58. Nc3 1-0

[Event "Mercredi 2025.05.07 ABCD"]
[Site "Montreal CAN"]
[Date "2025.05.14"]
[Round "2"]
[White "Genzling, Jerome"]
[Black "Pomerantz, Daniel"]
[Result "1-0"]
[WhiteElo "2140"]
[BlackElo "2116"]
[WhiteFideId "-1"]
[WhiteFideId "-1"]
[PlyCount "123"]
[GameId "2185064695868291"]
[EventDate "2025.05.07"]
[EventType "tourn"]
[EventRounds "5"]
[EventCountry "CAN"]

1. e4 c5 2. Nf3 d6 3. d4 cxd4 4. Nxd4 Nf6 5. Nc3 a6 6. g3 e5 7. Nb3 Be7 8. Bg2 Be6 9. O-O Qc7 10. a4 Nbd7 11. Re1 Rc8 12. Nd2 O-O 13. Nf1 Nb6 14. Ne3 Nc4 15. Ncd5 Nxe3 16. Nxe3 Qc6 17. Qd3 Rfd8 18. Rd1 Nd7 19. Qe2 Nc5 20. Nd5 Bxd5 21. exd5 Qc7 22. Be3 Nd7 23. Be4 Rf8 24. Bf5 g6 25. Bxd7 Qxd7 26. c4 f5 27. b3 Rce8 28. Bh6 Rf7 29. Re1 f4 30. gxf4 Qh3 31. fxe5 Bh4 32. Be3 Rxe5 33. Qf1 Bxf2+ 34. Bxf2 Rg5+ 35. Bg3 Rxf1+ 36. Rxf1 h5 37. Rae1 h4 38. Re8+ Kg7 39. Re7+ Kh6 40. Rff7 Rxg3+ 41. hxg3 Qxg3+ 42. Kf1 h3 43. Rh7+ Kg5 44. Re2 Qxb3 45. Kf2 Qxc4 46. Rxh3 Qxd5 47. Rg3+ Kf4 48. Rxg6 Qd4+ 49. Ke1 Kf3 50. Rgg2 Qb4+ 51. Kd1 Qxa4+ 52. Ke1 Qb4+ 53. Kd1 Qb3+ 54. Kd2 Qd5+ 55. Ke1 Qa5+ 56. Kd1 Qa1+ 57. Kd2 Qd4+ 58. Ke1 Qc3+ 59. Kd1 Qd3+ 60. Ke1 Qd4 61. Ref2+ Ke3 62. Rg3+ 1-0

[Event "Mercredi 2025.05.07 ABCD"]
[Site "Montreal CAN"]
[Date "2025.05.14"]
[Round "2"]
[White "Hartner, Rian"]
[Black "Barko, Maxim"]
[Result "1-0"]
[WhiteElo "1893"]
[BlackElo "1929"]
[WhiteFideId "-1"]
[WhiteFideId "-1"]
[PlyCount "37"]
[GameId "2185064695933849"]
[EventDate "2025.05.07"]
[EventType "tourn"]
[EventRounds "5"]
[EventCountry "CAN"]

1. e4 Nc6 2. Nf3 f5 3. e5 d6 4. Bb5 Bd7 5. Qe2 a6 6. Bc4 dxe5 7. Nxe5 Nxe5 8. Qxe5 Nh6 9. O-O Nf7 10. Qe2 g6 11. d3 Bg7 12. Re1 Bf6 13. Nc3 c6 14. g4 h5 15. g5 Nxg5 16. Bxg5 Bxg5 17. Qe5 Rf8 18. Qg7 Bf4 19. Qxg6+ 1-0

[Event "Mercredi 2025.05.07 ABCD"]
[Site "Montreal CAN"]
[Date "2025.05.14"]
[Round "2"]
[White "Jacquet, Stephane"]
[Black "Chapdelaine, Gwyn"]
[Result "1-0"]
[WhiteElo "2071"]
[BlackElo "2118"]
[WhiteFideId "-1"]
[WhiteFideId "-1"]
[PlyCount "39"]
[GameId "2185064695868289"]
[EventDate "2025.05.07"]
[EventType "tourn"]
[EventRounds "5"]
[EventCountry "CAN"]

1. d4 Nf6 2. c4 e6 3. Nc3 Bb4 4. e3 b6 5. Bd2 Bb7 6. Nf3 O-O 7. Bd3 c5 8. O-O Bxc3 9. Bxc3 Ne4 10. Bxe4 Bxe4 11. dxc5 bxc5 12. Qd6 Bxf3 13. gxf3 Qh4 14. Kh1 Qh3 15. Qf4 Nc6 16. Bxg7 e5 17. Qf6 Rfe8 18. Rg1 Re6 19. Bh6+ Qg4 20. Rxg4# 1-0

[Event "Mercredi 2025.05.07 ABCD"]
[Site "Montreal CAN"]
[Date "2025.05.14"]
[Round "2"]
[White "Lima-Barbosa, Raphael"]
[Black "Ghnatios, Ralph"]
[Result "1-0"]
[WhiteElo "1985"]
[BlackElo "1953"]
[WhiteFideId "-1"]
[WhiteFideId "-1"]
[PlyCount "43"]
[GameId "2185064695933837"]
[EventDate "2025.05.07"]
[EventType "tourn"]
[EventRounds "5"]
[EventCountry "CAN"]

1. e4 e6 2. d4 d5 3. Nc3 Nf6 4. Bg5 Be7 5. e5 Nfd7 6. h4 a6 7. f4 c5 8. Nf3 Nc6 9. Qd2 f6 10. exf6 gxf6 11. Bh6 cxd4 12. Nxd4 Nxd4 13. Qxd4 Bc5 14. Qd3 Qe7 15. O-O-O b5 16. Be2 Qf7 17. Rhe1 Nb6 18. Nxb5 Nc4 19. Bf3 axb5 20. Qxd5 Qa7 21. Qd8+ Kf7 22. Bh5# 1-0

[Event "Mercredi 2025.05.07 ABCD"]
[Site "Montreal CAN"]
[Date "2025.05.14"]
[Round "2"]
[White "Nassif, Aba"]
[Black "Singher, Jean-Pierre"]
[Result "1-0"]
[WhiteElo "2049"]
[BlackElo "2021"]
[WhiteFideId "-1"]
[WhiteFideId "-1"]
[PlyCount "41"]
[GameId "2185064695933836"]
[EventDate "2025.05.07"]
[EventType "tourn"]
[EventRounds "5"]
[EventCountry "CAN"]

1. e4 c5 2. a3 Nf6 3. e5 Nd5 4. d4 cxd4 5. Qxd4 e6 6. c4 Qc7 7. Nf3 Nc6 8. Qe4 f5 9. Qe2 Qa5+ 10. Bd2 Ndb4 11. Bc3 Qa4 12. b3 Qxb3 13. axb4 Bxb4 14. Bxb4 Qxb4+ 15. Qd2 Qc5 16. Qd6 Qb6 17. Nbd2 a5 18. Be2 Qb4 19. c5 g5 20. Nxg5 Nd4 21. Bh5+ 1-0

[Event "Mercredi 2025.05.07 ABCD"]
[Site "Montreal CAN"]
[Date "2025.05.14"]
[Round "2"]
[White "Navarro, Pavel"]
[Black "Templonueva, Mark Geryl"]
[Result "1-0"]
[WhiteElo "1888"]
[BlackElo "1876"]
[WhiteFideId "-1"]
[WhiteFideId "-1"]
[PlyCount "57"]
[GameId "2185064695933847"]
[EventDate "2025.05.07"]
[EventType "tourn"]
[EventRounds "5"]
[EventCountry "CAN"]

1. e4 e5 2. Nf3 Nc6 3. Bb5 a6 4. Ba4 Nf6 5. O-O b5 6. Bb3 Be7 7. Re1 O-O 8. c3 d5 9. exd5 Nxd5 10. Nxe5 Nxe5 11. Rxe5 c6 12. d4 Bd6 13. Re1 Qh4 14. g3 Qh3 15. Re4 g5 16. Qe2 Bf5 17. Nd2 Nf6 18. f3 g4 19. Qf2 Rae8 20. Rxe8 Rxe8 21. Ne4 Bxe4 22. fxe4 Rxe4 23. Bg5 Nd5 24. Bh4 Nf4 25. gxf4 Bxf4 26. Kh1 Kg7 27. Bg3 Re3 28. Qxf4 Rf3 29. Qg5+ 1-0

[Event "Mercredi 2025.05.07 ABCD"]
[Site "Montreal CAN"]
[Date "2025.05.14"]
[Round "2"]
[White "Ramesan, Raunak"]
[Black "Ali, Nehad"]
[Result "1-0"]
[WhiteElo "1992"]
[BlackElo "1958"]
[WhiteFideId "-1"]
[WhiteFideId "-1"]
[PlyCount "71"]
[GameId "2185064695933835"]
[EventDate "2025.05.07"]
[EventType "tourn"]
[EventRounds "5"]
[EventCountry "CAN"]

1. e4 e6 2. d4 d5 3. Nc3 Nf6 4. e5 Nfd7 5. Nce2 c5 6. c3 Nc6 7. Nf3 a5 8. Nf4 c4 9. b3 b5 10. a4 Ba6 11. axb5 Bxb5 12. bxc4 dxc4 13. Rb1 Rb8 14. Nd2 Ndxe5 15. dxe5 Nxe5 16. Be2 g5 17. Nh5 Nd3+ 18. Bxd3 Qxd3 19. Nf6+ Ke7 20. Nfe4 f6 21. h4 h5 22. hxg5 f5 23. Ba3+ Kf7 24. Bxf8 fxe4 25. Bh6 Rhd8 26. Qxh5+ Ke7 27. g6 Rd5 28. Bg5+ Kd7 29. g7 Kc6 30. Qf7 Rxg5 31. Qxe6+ Qd6 32. Qxd6+ Kxd6 33. Nxe4+ Kc6 34. Nxg5 Rg8 35. Rh6+ Kc5 36. Ne6+ 1-0

[Event "Mercredi 2025.05.07 ABCD"]
[Site "Montreal CAN"]
[Date "2025.05.21"]
[Round "3"]
[White "Ali, Nehad"]
[Black "Nassif, Aba"]
[Result "0-1"]
[WhiteElo "1958"]
[BlackElo "2049"]
[WhiteFideId "-1"]
[WhiteFideId "-1"]
[PlyCount "62"]
[GameId "2185064695933840"]
[EventDate "2025.05.07"]
[EventType "tourn"]
[EventRounds "5"]
[EventCountry "CAN"]

1. c4 c5 2. Nc3 g6 3. g3 Bg7 4. Bg2 Nc6 5. e3 d6 6. Nge2 e5 7. O-O Nge7 8. d3 O-O 9. a3 a5 10. b3 Rb8 11. Bb2 Be6 12. Qc2 b6 13. Rad1 Qd7 14. Nd5 b5 15. d4 bxc4 16. bxc4 cxd4 17. exd4 Bf5 18. Qc1 Be4 19. Bc3 Bxg2 20. Kxg2 Qf5 21. f3 Rb3 22. g4 Qe6 23. Nxe7+ Qxe7 24. d5 Nb8 25. Bxa5 e4 26. f4 Qh4 27. g5 Qh3+ 28. Kh1 Na6 29. Bb4 Nxb4 30. axb4 Rb2 31. Rd2 Rxd2 0-1

[Event "Mercredi 2025.05.07 ABCD"]
[Site "Montreal CAN"]
[Date "2025.05.21"]
[Round "3"]
[White "Bain-Thouverez, Aurelien"]
[Black "Cote, Etienne"]
[Result "0-1"]
[WhiteElo "1757"]
[BlackElo "1700"]
[WhiteFideId "-1"]
[WhiteFideId "-1"]
[PlyCount "92"]
[GameId "2185064695933862"]
[EventDate "2025.05.07"]
[EventType "tourn"]
[EventRounds "5"]
[EventCountry "CAN"]

1. c4 e5 2. g3 Nc6 3. Bg2 Bc5 4. Nc3 a6 5. e3 Ba7 6. Nge2 d6 7. d4 exd4 8. Nxd4 Ne5 9. f4 Ng6 10. e4 Nf6 11. h3 O-O 12. Be3 Re8 13. O-O Bd7 14. Kh2 c5 15. Nc2 Bc6 16. Qd3 Qc7 17. Rad1 Rad8 18. Bc1 Bb6 19. a3 Qb8 20. b3 Bc7 21. Ne3 Ba5 22. Ncd5 Nxd5 23. Nxd5 b5 24. Bd2 Bxd2 25. Rxd2 Nf8 26. Ne3 Ne6 27. Nf5 a5 28. Nxd6 a4 29. e5 Bxg2 30. Rxg2 axb3 31. cxb5 Re7 32. Qc3 Rxd6 33. exd6 Qxd6 34. Re2 h5 35. Rfe1 Ra7 36. Qxb3 h4 37. f5 Nd4 38. Re8+ Kh7 39. Qd3 c4 40. Qe3 Rxa3 41. Qxa3 Qxa3 42. R8e3 Qb2+ 43. Kg1 Nxf5 44. R3e2 Qxb5 45. gxh4 Nxh4 46. Re5 Nf3+ 0-1

[Event "Mercredi 2025.05.07 ABCD"]
[Site "Montreal CAN"]
[Date "2025.05.21"]
[Round "3"]
[White "Barko, Maxim"]
[Black "Navarro, Pavel"]
[Result "0-1"]
[WhiteElo "1929"]
[BlackElo "1888"]
[WhiteFideId "-1"]
[WhiteFideId "-1"]
[PlyCount "74"]
[GameId "2185064695933850"]
[EventDate "2025.05.07"]
[EventType "tourn"]
[EventRounds "5"]
[EventCountry "CAN"]

1. d4 Nf6 2. Bg5 c5 3. d5 Qb6 4. Nc3 Qxb2 5. Bd2 Qb6 6. e4 d6 7. Nf3 Nbd7 8. h3 g6 9. Be2 Bg7 10. Rb1 Qd8 11. O-O O-O 12. Be3 a6 13. a4 Qa5 14. Qd3 Ne8 15. Bd2 Qc7 16. g4 Rb8 17. Kg2 b6 18. Bg5 Ne5 19. Nxe5 dxe5 20. d6 exd6 21. Nd5 Qa7 22. Ne7+ Kh8 23. Nc6 Qb7 24. Nxb8 f6 25. Bd2 Qxb8 26. Ba5 b5 27. axb5 axb5 28. Qxb5 Qa8 29. f3 f5 30. Bd3 Nf6 31. Bc7 fxe4 32. fxe4 Nxe4 33. Rxf8+ Bxf8 34. Kh2 Nd2 35. Be2 Nxb1 36. Qxb1 Qe4 37. Qb3 Qxe2+ 0-1

[Event "Mercredi 2025.05.07 ABCD"]
[Site "Montreal CAN"]
[Date "2025.05.21"]
[Round "3"]
[White "Beaulieu, Pierre"]
[Black "Allaire, Denis"]
[Result "1-0"]
[WhiteElo "1699"]
[BlackElo "1815"]
[WhiteFideId "-1"]
[WhiteFideId "-1"]
[PlyCount "56"]
[GameId "2185064696003496"]
[EventDate "2025.05.07"]
[EventType "tourn"]
[EventRounds "5"]
[EventCountry "CAN"]

1. Nf3 Nf6 2. b3 c5 3. Bb2 Nc6 4. e3 g6 5. g4 Rg8 6. h3 Bg7 7. a3 a6 8. d3 d6 9. g5 Nd7 10. Bxg7 Rxg7 11. d4 Qa5+ 12. Qd2 cxd4 13. Qxa5 Nxa5 14. exd4 Nb6 15. Bd3 Nd5 16. b4 Nc6 17. Be4 Nf4 18. Bxc6+ bxc6 19. h4 Bf5 20. Kd2 a5 21. bxa5 Rxa5 22. Nc3 Rg8 23. Rhb1 Bc8 24. Rb8 Kd7 25. a4 Rd8 26. Rab1 Kc7 27. Ke3 Ng2+ 28. Kd2 Bg4 1-0

[Event "Mercredi 2025.05.07 ABCD"]
[Site "Montreal CAN"]
[Date "2025.05.21"]
[Round "3"]
[White "Boudreau, Daniel"]
[Black "Hartner, Rian"]
[Result "1-0"]
[WhiteElo "1890"]
[BlackElo "1893"]
[WhiteFideId "-1"]
[WhiteFideId "-1"]
[PlyCount "79"]
[GameId "2185064695933851"]
[EventDate "2025.05.07"]
[EventType "tourn"]
[EventRounds "5"]
[EventCountry "CAN"]

1. e4 c6 2. d4 d5 3. e5 c5 4. dxc5 e6 5. a3 Bxc5 6. Qg4 Ne7 7. Nf3 Nf5 8. Bd3 h5 9. Qf4 Nc6 10. b4 Bb6 11. O-O O-O 12. Bb2 a6 13. Nbd2 Bc7 14. Bxf5 exf5 15. Rfe1 f6 16. Qh4 fxe5 17. Qxd8 Rxd8 18. Nxe5 Re8 19. Nxc6 Rxe1+ 20. Rxe1 bxc6 21. Re7 Bf4 22. Rxg7+ Kf8 23. Nf3 a5 24. Rh7 axb4 25. axb4 c5 26. g3 Bd6 27. bxc5 Bxc5 28. Kg2 Ke8 29. Ne5 Ra2 30. Rh8+ Bf8 31. Bc3 Ra6 32. Bb4 Rf6 33. f4 Ba6 34. c3 Be2 35. Kh3 Bg4+ 36. Kh4 Kd8 37. Kg5 Ra6 38. Rxf8+ Kc7 39. Nxg4 hxg4 40. Rxf5 {illisible} 1-0

[Event "Mercredi 2025.05.07 ABCD"]
[Site "Montreal CAN"]
[Date "2025.05.21"]
[Round "3"]
[White "Chapdelaine, Gwyn"]
[Black "Batorshyn, Ilia"]
[Result "0-1"]
[WhiteElo "2118"]
[BlackElo "2332"]
[WhiteFideId "-1"]
[WhiteFideId "-1"]
[PlyCount "112"]
[GameId "2185064695933829"]
[EventDate "2025.05.07"]
[EventType "tourn"]
[EventRounds "5"]
[EventCountry "CAN"]

1. d4 Nf6 2. c4 g6 3. g3 Bg7 4. Bg2 d6 5. Nc3 O-O 6. Nf3 c6 7. e4 Be6 8. d5 Bg4 9. h3 Bxf3 10. Qxf3 Qa5 11. O-O cxd5 12. Nxd5 Nxd5 13. exd5 Nd7 14. Qe2 Rfe8 15. a3 Qa4 16. Be3 Rac8 17. b3 Qxb3 18. Rab1 Qxa3 19. Rxb7 Nc5 20. Bxc5 Qxc5 21. Rfb1 Qxc4 22. Qxc4 Rxc4 23. Rxa7 Bd4 24. Ra2 Rec8 25. Re1 Rc2 26. Rxc2 Rxc2 27. Rxe7 Bxf2+ 28. Kh2 Rc3 29. g4 Bg3+ 30. Kg1 Rc1+ 31. Bf1 Rd1 32. Re3 Be5 33. Rd3 Rb1 34. Kf2 Kg7 35. Rd2 Kf6 36. h4 Bc3 37. Re2 Rb4 38. Rc2 Bd4+ 39. Kf3 Rb3+ 40. Ke4 Bc5 41. Bd3 Kg7 42. Rd2 Rb4+ 43. Kf3 Rd4 44. h5 Rxd5 45. hxg6 hxg6 46. Rd1 Rd4 47. Bc2 Rc4 48. Be4 Bd4 49. Bd5 Rc3+ 50. Ke4 Bc5 51. Rd3 f5+ 52. gxf5 gxf5+ 53. Kf4 Rxd3 54. Bf3 Kf6 55. Bg2 d5 56. Bh3 Bd6# 0-1

[Event "Mercredi 2025.05.07 ABCD"]
[Site "Montreal CAN"]
[Date "2025.05.21"]
[Round "3"]
[White "Ghnatios, Ralph"]
[Black "Ramesan, Raunak"]
[Result "1/2-1/2"]
[WhiteElo "1953"]
[BlackElo "1992"]
[WhiteFideId "-1"]
[WhiteFideId "-1"]
[PlyCount "71"]
[GameId "2185064695933839"]
[EventDate "2025.05.07"]
[EventType "tourn"]
[EventRounds "5"]
[EventCountry "CAN"]

1. e4 e5 2. Nf3 Nc6 3. Bc4 Bc5 4. c3 Nf6 5. d3 d6 6. h3 a5 7. a4 Ba7 8. Nbd2 Ne7 9. Qe2 Ng6 10. Nf1 c6 11. Ng3 Nf4 12. Bxf4 exf4 13. Nf5 O-O 14. Nxd6 Qxd6 15. e5 Qd8 16. exf6 Re8 17. Ne5 Qxf6 18. d4 Be6 19. O-O c5 20. Bb5 Re7 21. d5 Bxd5 22. Ng4 Qg5 23. Qd2 h5 24. h4 Qxh4 25. Nh6+ gxh6 26. Qxd5 Qg5 27. Qf3 Qg4 28. Rfe1 Qxf3 29. gxf3 Kf8 30. Rxe7 Kxe7 31. Rd1 Rg8+ 32. Kf1 h4 33. Rd7+ Kf6 34. Rd6+ Kg5 35. Kg2 Rg6 36. Rd7 1/2-1/2

[Event "Mercredi 2025.05.07 ABCD"]
[Site "Montreal CAN"]
[Date "2025.05.21"]
[Round "3"]
[White "Guillemette, Hugo"]
[Black "Genzling, Jerome"]
[Result "1-0"]
[WhiteElo "2262"]
[BlackElo "2140"]
[WhiteFideId "-1"]
[WhiteFideId "-1"]
[PlyCount "133"]
[GameId "2185064695933828"]
[EventDate "2025.05.07"]
[EventType "tourn"]
[EventRounds "5"]
[EventCountry "CAN"]

1. d4 d5 2. c4 e6 3. Nf3 a6 4. cxd5 exd5 5. Nc3 c6 6. Bf4 Bd6 7. Bg3 Nf6 8. e3 O-O 9. Bd3 Qe7 10. Qc2 Nbd7 11. O-O Bxg3 12. hxg3 Re8 13. Bf5 g6 14. Bh3 Ne4 15. Bxd7 Bxd7 16. Nxe4 Bf5 17. Nfd2 Bxe4 18. Qc3 h5 19. f3 Bf5 20. Rae1 Rad8 21. b4 Qg5 22. Kh2 Re7 23. e4 dxe4 24. fxe4 Bg4 25. e5 Bf5 26. Rf4 Red7 27. Nc4 Be6 28. Nd6 Rxd6 29. exd6 Rxd6 30. Re5 Qd8 31. Qe3 Kg7 32. a4 Rd5 33. a5 Qd6 34. Rxd5 Bxd5 35. Qe1 Be6 36. Qc3 Bd5 37. Kg1 Qe6 38. Qd2 Kh7 39. Rf1 Qd6 40. Qc3 Kg7 41. Re1 Kh7 42. Re8 Kg7 43. Qe1 Be6 44. Qe5+ Qxe5 45. dxe5 g5 46. Re7 Kg6 47. Rxb7 Bc4 48. Rc7 Bb5 49. Kf2 Ba4 50. Ke3 Kf5 51. Kd4 Ke6 52. Kc5 Kxe5 53. Rxf7 Bb5 54. Rf3 Ke6 55. Rc3 Kf5 56. Kb6 Kg4 57. Rxc6 Bxc6 58. Kxc6 Kxg3 59. b5 axb5 60. Kxb5 h4 61. a6 Kxg2 62. a7 h3 63. a8=Q+ Kg1 64. Qf3 h2 65. Qg3+ Kh1 66. Qf2 g4 67. Qf1# 1-0

[Event "Mercredi 2025.05.07 ABCD"]
[Site "Montreal CAN"]
[Date "2025.05.21"]
[Round "3"]
[White "Singher, Jean-Pierre"]
[Black "Lima-Barbosa, Raphael"]
[Result "1-0"]
[WhiteElo "2021"]
[BlackElo "1985"]
[WhiteFideId "-1"]
[WhiteFideId "-1"]
[PlyCount "83"]
[GameId "2185064695933838"]
[EventDate "2025.05.07"]
[EventType "tourn"]
[EventRounds "5"]
[EventCountry "CAN"]

1. Nf3 Nf6 2. g3 g6 3. Bg2 Bg7 4. d4 O-O 5. O-O d6 6. Re1 Nbd7 7. e4 e5 8. c3 Re8 9. Nbd2 c6 10. a4 Qc7 11. dxe5 Nxe5 12. Nxe5 dxe5 13. Nc4 Rd8 14. Qc2 Be6 15. Bf1 h6 16. f3 b5 17. Na3 a6 18. Be3 Nd7 19. b4 Bf8 20. Rab1 Rab8 21. Qf2 Nb6 22. a5 Na4 23. Rec1 Kh7 24. c4 bxc4 25. Qc2 Bxb4 26. Qxa4 c5 27. Nxc4 h5 28. Nb6 Qe7 29. Bxa6 h4 30. Rd1 hxg3 31. hxg3 Rh8 32. Nd5 Bxd5 33. exd5 Qf6 34. Be2 Qf5 35. Kg2 e4 36. f4 Kg7 37. Qa1+ f6 38. g4 Qd7 39. a6 Rh4 40. Kg3 Rbh8 41. Rh1 g5 42. fxg5 1-0